000 00630nam a2200241Ia 4500
003 OSt
005 20220924114410.0
006 a|||||r|||| 00| 0
007 ta
008 220923b |||||||| |||| 00| 0 kan d
024 _a280794
037 _cTextual
040 _aARTS
_cARTS
_bkan
041 _2kan
_akan
082 _aO33,6x, N6
100 _aGatti K T
_9173312
245 0 _aNinne naleya naduve
260 _aBangalore
_bBhagirathi Prakashana India
_c1996
300 _a194p.
_ccm.
650 _aKANNAD LITERATURE
942 _hO33,6x, N6
_cTEXL
_2CC
999 _c393339
_d393339